Normal view
MARC view
- Tweney, Charles Frederick, [from old catalog]
Entry Personal Name
001 - CONTROL NUMBER
- control field: 47145
003 - CONTROL NUMBER IDENTIFIER
- control field: NUST
005 - DATE AND TIME OF LATEST TRANSACTION
- control field: 20210314133728.0
008 - FIXED-LENGTH DATA ELEMENTS
- fixed length control field: 210314|| aca||aabn | a|a d
040 ## - CATALOGING SOURCE
- Original cataloging agency: NUST
- Transcribing agency: NUST
100 ## - HEADING--PERSONAL NAME
- Personal name: Tweney, Charles Frederick, [from old catalog]
670 ## - SOURCE DATA FOUND
- Source citation: Work cat.: (NUST): Chambers's technical dictionary, comprising terms used in pure and applied science,, 1948.
